[Event "45th FIDE Chess Olympiad Open"]
[Site "Budapest, Hungary"]
[Date "2024.09.13"]
[Round "3.64"]
[White "Piva, Michele"]
[Black "Solomon, Jonathan"]
[Result "1-0"]
[WhiteElo "1721"]
[BlackElo "1536"]
[PlyCount "101"]
[EventDate "2024.??.??"]
[WhiteTeam "San Marino"]
[BlackTeam "Antigua and Barbuda"]
[WhiteTeamCountry "SMR"]
[WhiteClock "0:17:31"]
[BlackClock "0:26:27"]

1. d4 d5 2. c4 c6 3. Nc3 Nf6 4. Bf4 Bg4 5. h3 ({RR} 5. Qb3 Qb6 6. cxd5 Nxd5 7. Nxd5 cxd5 8. e3 Qxb3 9. axb3 Nc6 10. f3 Bd7 11. Ne2 e6 12. Nc3 Nb4 13. Kf2 a6 14. Be2 Rc8 15. Rhc1 Ke7 16. Na4 f6 17. Rxc8 Bxc8 18. Rc1 Kd8 19. Nb6 Bd7 {Yanchenko,R (2467)-Rakhmangulova,A (2156) Chess.com INT 2020 1-0}) 5... Bf5 $146 ({RR} 5... Bh5 6. g4 Bg6 7. e3 e6 8. c5 Nbd7 9. Be2 h6 10. Bg3 Be7 11. f4 b6 12. b4 bxc5 13. dxc5 Qc7 14. Nf3 Be4 15. O-O O-O 16. Qa4 Rac8 17. Ba6 Rcd8 18. Nd4 Nb8 19. Nce2 Nh7 20. Kh2 {Gibbons,L (1304)-Rutter,B (1730) Winnipeg 2003 0-1}) ({RR} 5... Bh5 6. Nf3 Bxf3 7. exf3 e6 8. Bd3 Bd6 9. Bxd6 Qxd6 10. cxd5 Nxd5 11. Nxd5 Qxd5 12. Be4 Qa5+ 13. Qd2 Qxd2+ 14. Kxd2 O-O 15. f4 Rd8 16. Ke3 Nd7 17. g4 Nb6 18. Bd3 Rd7 19. f5 exf5 20. Bxf5 {Costa,E (1548)-Aquino,F (1724) Fortaleza 2012 0-1 (52)}) ({RR} 5... Bh5 6. cxd5 cxd5 7. Nf3 Bxf3 8. exf3 e6 9. a3 Bd6 10. Qd2 O-O 11. Bxd6 Qxd6 12. Be2 Nbd7 13. O-O a6 14. Rad1 Rae8 15. Rfe1 e5 16. dxe5 Rxe5 17. f4 Re6 18. Nxd5 Nxd5 19. Qxd5 Qxd5 20. Rxd5 {Xavier,G-Bispo,M (1160) Curitiba 2016 1-0}) 6. e3 e6 7. Nf3 Bb4 8. a3 Bxc3+ 9. bxc3 Ne4 10. Qb3 Qb6 11. Qb4 Nd7 12. c5 Qxb4 13. cxb4 b6 14. Rc1 b5 15. Nh4 Bg6 16. f3 Nef6 17. Bd6 a5 18. Nxg6 fxg6 19. Be2 axb4 20. axb4 Ra3 21. Kf2 Kf7 22. Bc7 Rc8 23. Ba5 e5 24. Ra1 Rxa1 25. Rxa1 Ra8 26. Re1 exd4 27. exd4 Nf8 28. Rd1 Ne6 29. g3 Re8 30. Bf1 h5 31. h4 g5 32. hxg5 Nxg5 33. Bd3 Re6 34. Bf5 Re8 35. Ra1 g6 36. Bd3 Ne6 37. Bb6 Kg7 38. Ra7+ Kh6 39. Rf7 Nh7 40. Rd7 Nxd4 41. Bc7 Ne6 42. Be5 Nhf8 43. Rd6 Rc8 44. f4 Ng7 45. f5 Ne8 46. Bf4+ Kg7 47. Be5+ Kg8 48. fxg6 Nxd6 49. cxd6 Nd7 50. Bf5 Rd8 51. Be6+ 1-0

[Event "45th FIDE Chess Olympiad Open"]
[Site "Budapest, Hungary"]
[Date "2024.09.13"]
[Round "3.65"]
[White "Asante Debesai Zerabruk"]
[Black "Celis, Joel"]
[Result "0-1"]
[WhiteElo "1908"]
[BlackElo "1929"]
[PlyCount "114"]
[EventDate "2024.??.??"]
[WhiteTeam "Eritrea"]
[BlackTeam "Macau"]
[WhiteTeamCountry "ERI"]
[BlackTeamCountry "MAC"]
[WhiteClock "0:01:03"]
[BlackClock "0:02:45"]

1. e4 c6 2. Nc3 d5 3. Nf3 dxe4 4. Nxe4 Nf6 5. Nxf6+ exf6 6. Bc4 Bd6 7. Qe2+ Qe7 8. Qxe7+ Bxe7 ({RR} 8... Kxe7 9. O-O Rd8 10. d4 Bg4 11. Nd2 Kf8 12. c3 Bf5 13. Re1 Nd7 14. Ne4 Be7 15. Ng3 Bg6 16. a4 c5 17. Be3 Rac8 18. Bf1 cxd4 19. Bxd4 Nc5 20. Be3 a6 21. a5 Nb3 22. Ra4 Bc2 23. Bb6 {Karjakin,S (2785)-Nakamura,H (2779) Doha 2016 0-1 (69)}) 9. h3 ({RR} 9. O-O O-O 10. Re1 Bd6 11. d4 Bg4 12. Nd2 Nd7 13. Ne4 Bc7 14. c3 Rfe8 15. Bd2 Rad8 16. Ng3 Nf8 17. a3 Rxe1+ 18. Rxe1 Be6 19. Bf1 a5 20. Bc1 a4 21. Ne4 Nd7 22. Nd2 c5 23. Nf3 Bd5 {Obregon Rivero,J (2496)-Mizzi,J (2051) chess.com INT 2024 0-1 (86)}) 9... O-O $146 ({RR} 9... Nd7 10. d4 Nb6 11. Bd3 Be6 12. b3 O-O 13. c4 Rfe8 14. O-O Rad8 15. Rd1 f5 16. Bf4 Bf6 17. Be5 Nd7 18. Bc7 Rc8 19. Bf4 g6 20. Rac1 Nb6 21. Kf1 Rcd8 22. Be5 Bxe5 23. dxe5 c5 24. Ke2 {Baches Garcia,G (2322)-Ivanova,K (2085) Chess.com INT 2019 0-1 (76)}) ({RR} 9... Nd7 10. d4 Nb6 11. Bd3 Be6 12. O-O O-O 13. b3 Rfe8 14. c4 Rad8 15. Bb2 Nd7 16. Rfd1 Nf8 17. Nh4 g6 18. Nf3 g5 19. Nh2 f5 20. Bf1 g4 21. hxg4 fxg4 22. d5 g3 23. fxg3 cxd5 24. cxd5 {Tremblay,R (2289)-Lessard,C (2025) Charlesbourg 2010 1-0 (35)}) ({RR} 9... Be6 10. Be2 Nd7 11. d4 O-O-O 12. O-O Nb6 13. c3 Rhe8 14. Re1 Bf8 15. Bf4 Bc4 16. Bxc4 Nxc4 17. b3 Nd6 18. Rxe8 Rxe8 19. Bd2 Ne4 20. Be1 g6 21. Kf1 Bh6 22. a4 Kd7 23. Ra2 a6 24. Re2 {Skvortsov,A (2294)-Kovalevsky,S (2163) chess.com INT 2023 1-0 (50)}) 10. a4 Nd7 11. d4 Bb4+ 12. c3 Re8+ 13. Be3 Bd6 14. O-O Nb6 15. Bd3 Nd5 16. Rae1 Nxe3 17. Rxe3 Bd7 18. Rfe1 Rxe3 19. Rxe3 a5 20. Nd2 Re8 21. Nc4 Bc7 22. Rxe8+ Bxe8 23. b4 b6 24. Na3 Kf8 25. b5 Ke7 26. Kf1 g6 27. Ke2 f5 28. g3 Bd8 29. bxc6 Bxc6 30. Bb5 Bb7 31. Kd3 g5 32. c4 Bg2 33. h4 gxh4 34. gxh4 Ke6 35. h5 Be4+ 36. Ke3 Bg5+ 37. f4 Be7 38. c5 bxc5 39. Nc4 cxd4+ 40. Kxd4 Bb4 41. Ne5 Bd2 42. Nc4 Bxf4 43. Nxa5 Bf3 44. Bc4+ Ke7 45. Bd3 Bxh5 46. Bxf5 Bg6 47. Bh3 Bc2 48. Nc4 Bh2 49. a5 Bg1+ 50. Kd5 f5 51. Nd2 Bd3 52. Bg2 Ba7 53. Kc6 Be3 54. Nf3 Ke6 55. Bh3 Be4+ 56. Kb5 Bxf3 57. a6 Ba7 0-1

[Event "45th FIDE Chess Olympiad Open"]
[Site "Budapest, Hungary"]
[Date "2024.09.13"]
[Round "3.66"]
[White "Mak, Tong Kuan"]
[Black "Kibrom Weldegebriel Beraki"]
[Result "0-1"]
[WhiteElo "1902"]
[BlackElo "1885"]
[PlyCount "127"]
[EventDate "2024.??.??"]
[WhiteTeam "Macau"]
[BlackTeam "Eritrea"]
[WhiteTeamCountry "MAC"]
[BlackTeamCountry "ERI"]
[WhiteClock "0:00:33"]
[BlackClock "0:45:10"]

1. e4 c5 2. c3 d5 3. exd5 Qxd5 4. d4 Nf6 5. Nf3 Bg4 6. Be2 e6 7. O-O Nc6 8. Be3 cxd4 9. Nxd4 Bxe2 10. Qxe2 Nxd4 11. Bxd4 Be7 12. a4 ({RR} 12. Nd2 O-O 13. Rfe1 Rfd8 14. Nf3 Bc5 15. Bxf6 gxf6 16. Red1 Qc6 17. Rxd8+ Rxd8 18. Rd1 Rxd1+ 19. Qxd1 Qe4 20. Ne1 Bb6 21. Nd3 Kf8 22. b3 f5 23. Kf1 Ke7 24. Qd2 f6 25. Qe2 Kd6 26. c4 Qd4 {Seitaj,I (2405)-Atalik,S (2500) Ankara 1995 1-0 (39)}) 12... O-O 13. Na3 $146 ({RR} 13. Nd2 Rfd8 14. Nf3 Qh5 15. Qb5 Nd5 16. Rfe1 Bd6 17. Be5 Bxe5 18. Rxe5 Qg6 19. Rg5 Qc2 20. Nd4 Qd2 21. Nf3 Qc2 22. Nd4 Qd2 23. Nf3 Qc2 24. Nd4 {½-½ (24) Hartmann,K (1780)-Andre,J (1752) Bayern 2014}) 13... a6 14. Nc4 Qf5 15. a5 Nd5 16. g3 Rad8 17. Ra4 h5 18. Re1 Rfe8 19. h4 Qg6 20. Qe4 Qxe4 21. Rxe4 Bf6 22. Bb6 Nxb6 23. axb6 Rd5 24. Kg2 Red8 25. Ne3 Rb5 26. Reb4 Rc5 27. Nc4 Be7 28. Ne3 Rc6 29. Rd4 Rxd4 30. Rxd4 Bc5 31. Rd8+ Kh7 32. Rd7 Bxe3 33. fxe3 Rxb6 34. b4 Kg6 35. Kf3 Rb5 36. Ke4 f5+ 37. Kd4 Kf6 38. Rd8 g6 39. Rf8+ Ke7 40. Rg8 Rd5+ 41. Kc4 Kf6 42. Rf8+ Kg7 43. Re8 Kf7 44. Ra8 b5+ 45. Kb3 Rd6 46. Kc2 e5 47. Ra7+ Ke6 48. Rg7 Kf6 49. Ra7 g5 50. Rh7 Kg6 51. Rh8 gxh4 52. gxh4 f4 53. exf4 exf4 54. Rg8+ Kf5 55. Rg5+ Ke4 56. Rxh5 f3 57. Rh8 Rf6 58. Re8+ Kf4 59. Kd2 Rh6 60. Ke1 Rxh4 61. Rf8+ Kg3 62. Rg8+ Rg4 63. Rd8 Kg2 64. Rd2+ 0-1

[Event "45th FIDE Chess Olympiad Open"]
[Site "Budapest, Hungary"]
[Date "2024.09.13"]
[Round "3.67"]
[White "Lilay Weldu Gebru"]
[Black "Wong, Kai Meng"]
[Result "1-0"]
[WhiteElo "1977"]
[BlackElo "1795"]
[PlyCount "125"]
[EventDate "2024.??.??"]
[WhiteTeam "Eritrea"]
[BlackTeam "Macau"]
[WhiteTeamCountry "ERI"]
[BlackTeamCountry "MAC"]
[WhiteClock "0:49:47"]
[BlackClock "0:04:39"]

1. e4 e6 2. d4 d5 3. Nd2 c5 4. dxc5 Bxc5 5. Nb3 Bb6 6. exd5 exd5 7. Bd3 Ne7 ({RR} 7... Nf6 8. Qe2+ Be6 9. Nf3 O-O 10. Be3 Nc6 11. c3 Re8 12. Bxb6 Qxb6 13. O-O Bg4 14. Qd1 a5 15. Rb1 a4 16. Nbd2 d4 17. Qc2 dxc3 {½-½ (17) Petrenko,S (2348)-Kononenko,T (2416) Kishinev 2005}) ({RR} 7... Nf6 8. Qe2+ Be6 9. Bg5 O-O 10. O-O-O Re8 11. Bxf6 Qxf6 12. f3 Nc6 13. Qf1 Nb4 14. Kb1 Rac8 15. g4 Nxd3 16. Qxd3 d4 17. Nd2 Bd5 18. Qf1 Qc6 19. Rc1 Re3 20. h4 Ba5 21. Rh2 Rce8 22. Nh3 {Santos,J (1817)-Silva,R (1780) Lisbon POR 2022 0-1 (39)}) 8. Bg5 h6 $146 ({RR} 8... Nbc6 9. h3 Qc7 10. Nf3 O-O 11. O-O h6 12. Bd2 Bf5 13. Bxf5 Nxf5 14. Kh1 Rad8 15. c3 Rfe8 16. Rc1 Ne5 17. Nfd4 Nd6 18. Rc2 Ne4 19. Be3 Nc4 20. Bc1 Qe5 21. Qf3 Rd6 22. Re2 Rf6 23. Qg4 {Otgonjargal,S (2142)-Savickiene,V (2051) Beijing 2008 0-1 (54)}) ({RR} 8... Nbc6 9. Ne2 Bg4 10. O-O O-O 11. Qd2 Qd7 12. Rfe1 Rfe8 13. Ng3 Nf5 14. Qf4 Nxg3 15. Qxg3 Bf5 16. Bh6 Bg6 17. Bf4 Bxd3 18. Qxd3 Rxe1+ 19. Rxe1 Re8 20. Rd1 Qe7 21. Be3 Nb4 22. Qd2 Bxe3 23. fxe3 {Putar,L (1660)-Kozina,Z (1949) Krapina 2018 ½-½ (57)}) 9. Bf4 Bc7 10. Qf3 O-O 11. Ne2 Nbc6 12. O-O Nb4 13. Rfd1 Nxd3 14. Rxd3 Bf5 15. Rd2 Rc8 16. c3 Be4 17. Qe3 Bxf4 18. Qxf4 Qc7 19. Qg4 Bf5 20. Qd4 b6 21. Ng3 Be6 22. Re1 Rfd8 23. Qa4 Qd7 24. Qxd7 Rxd7 25. Nd4 Rd6 26. Rde2 Rcd8 27. Nxe6 fxe6 28. Rxe6 Rxe6 29. Rxe6 Kf7 30. Re3 Nc6 31. Rd3 Ne5 32. Rd1 g6 33. Kf1 b5 34. Ne2 g5 35. Nd4 a6 36. Re1 Nd3 37. Re2 Nf4 38. Re3 Rd6 39. g3 Nh5 40. a3 Ng7 41. Re5 Kf6 42. f4 Kg6 43. Kg2 gxf4 44. gxf4 Nh5 45. Kf3 Nf6 46. h4 Ne4 47. h5+ Kf6 48. Nf5 Rd8 49. Nxh6 Nd2+ 50. Kf2 Nc4 51. Ng4+ Kf7 52. Re2 d4 53. cxd4 Rxd4 54. Kf3 Nd2+ 55. Ke3 Nb3 56. Rc2 Rd6 57. f5 Nd4 58. Rc7+ Kf8 59. Ke4 Ne2 60. h6 Ng3+ 61. Ke5 Rd2 62. h7 Re2+ 63. Kf4 1-0

[Event "45th FIDE Chess Olympiad Open"]
[Site "Budapest, Hungary"]
[Date "2024.09.13"]
[Round "3.69"]
[White "Kabamwanishi, Mashala"]
[Black "Muhammed, Shuaau"]
[Result "0-1"]
[WhiteElo "1914"]
[BlackElo "2052"]
[PlyCount "68"]
[EventDate "2024.??.??"]
[WhiteTeam "Democratic Republic of the Congo"]
[BlackTeam "Maldives"]
[BlackTeamCountry "MDV"]
[WhiteClock "0:02:49"]
[BlackClock "0:02:46"]

1. d4 d5 2. e3 Nf6 3. Bd3 c5 4. c3 Nc6 5. f4 e6 6. Nf3 Be7 7. Nbd2 Qc7 ({RR} 7... Rb8 8. a4 a6 9. Ne5 Qc7 10. O-O b5 11. axb5 axb5 12. dxc5 Bxc5 13. Qe2 Nxe5 14. fxe5 Qxe5 15. Nf3 Qh5 16. Bxb5+ Bd7 17. Bxd7+ Nxd7 18. Ra4 O-O 19. Kh1 Nf6 20. Rh4 Qg6 21. Ne5 Qg5 22. Nf3 {Rubtsov,A (2336)-Pyatin,A (2041) Peterhof 2007 ½-½}) 8. Ne5 O-O ({RR} 8... b6 9. O-O Bb7 10. a4 O-O 11. Qf3 Na5 12. g4 Nc4 13. Qh3 Nxd2 14. Bxd2 Ne4 15. f5 Nxd2 16. fxe6 g6 17. exf7+ Kg7 18. Rf2 Ne4 19. Bxe4 dxe4 20. Raf1 cxd4 21. cxd4 Ba6 22. Re1 Rac8 23. g5 {Gutierrez,J (1809)-Molina,G (1998) Pereira 2021 1-0 (37)}) 9. O-O Ne8 10. Rf3 $146 ({RR} 10. Qh5 f5 11. Ndf3 Nf6 12. Qh3 Ne4 13. Bd2 Qb6 14. b3 Nxd2 15. Nxd2 Qa5 16. Rac1 Qxa2 17. Rc2 Qa5 18. Ndf3 Qb6 19. g4 Qxb3 20. Nd2 Qb6 21. c4 cxd4 22. cxd5 exd5 23. Kh1 Nb4 24. Rb2 dxe3 {Bernad Millan,I (1878)-Evora Brondo,J (1920) Tenerife 2014 0-1 (35)}) 10... f5 11. g4 Nf6 12. h3 c4 13. Bc2 b5 14. Nf1 Ne4 15. Nxc6 Qxc6 16. Bxe4 fxe4 17. Rf2 b4 18. Bd2 a5 19. Rc1 Bd7 20. Be1 Qb7 21. Rg2 a4 22. cxb4 Bxb4 23. h4 a3 24. Bxb4 Qxb4 25. Qd2 Rfb8 26. bxa3 Rxa3 27. Re2 c3 28. Qe1 Qa5 29. f5 exf5 30. gxf5 Bxf5 31. Rec2 Rc8 32. Nd2 Rxa2 33. Nb3 Qa6 34. Rxc3 Qg6+ 0-1

[Event "45th FIDE Chess Olympiad Open"]
[Site "Budapest, Hungary"]
[Date "2024.09.13"]
[Round "3.70"]
[White "Mohamed, Hassan"]
[Black "Mimbasa Kutesa, Willy"]
[Result "1-0"]
[WhiteElo "1880"]
[BlackElo "1848"]
[PlyCount "97"]
[EventDate "2024.??.??"]
[WhiteTeam "Maldives"]
[BlackTeam "Democratic Republic of the Congo"]
[WhiteTeamCountry "MDV"]
[WhiteClock "0:17:11"]
[BlackClock "0:45:53"]

1. e4 e5 2. Nf3 Nc6 3. Bb5 Nf6 4. d3 Bc5 5. c3 d6 6. Nbd2 Bd7 ({RR} 6... O-O 7. h3 a6 8. Ba4 b5 9. Bb3 Bb6 10. Nf1 Ne7 11. Bg5 Ng6 12. Nh4 Nf4 13. Qf3 c5 14. O-O-O Ra7 15. Ne3 h6 16. Bxf4 exf4 17. Nef5 a5 18. Qxf4 a4 19. Bc2 Ne8 20. d4 cxd4 21. Nxd4 {Bartel,M (2609)-Markowski,T (2628) Wroclaw 2010 1-0 (43)}) ({RR} 6... a6 7. Ba4 b5 8. Bc2 Bb6 9. O-O {½-½ (9) Banasik,K (2180)-Gnida,P (2219) Jesenik CZE 2024}) 7. Ba4 h6 $146 ({RR} 7... a6 8. Nf1 Ba7 9. Ng3 h6 10. Be3 Bxe3 11. fxe3 Ne7 12. Bb3 c5 13. O-O Be6 14. Nh4 Qd7 15. Ba4 b5 16. Bc2 Nh7 17. Nhf5 Bxf5 18. Nxf5 Nxf5 19. Rxf5 g6 20. Rf2 O-O 21. Bb3 Kg7 22. Qf3 {Abdelnabbi,I (2455)-Jonkman,H (2424) Cairo 2003 ½-½ (48)}) 8. b4 Bb6 9. Nc4 Ne7 10. Bc2 Bg4 11. a4 a5 12. Nxb6 cxb6 13. h3 Bh5 14. b5 O-O 15. c4 Ng6 16. g3 Ne7 17. Be3 Nd7 18. g4 Bg6 19. h4 h5 20. Ng5 Nc5 21. gxh5 Bh7 22. h6 g6 23. h5 Qd7 24. Rg1 f6 25. Nxh7 Kxh7 26. hxg6+ Nxg6 27. Qh5 Rg8 28. Kd2 Ne6 29. Qf5 Qe7 30. Rg4 Ng5 31. Rag1 Raf8 32. Ke2 Kh8 33. Bxb6 Nf4+ 34. Kd1 Qf7 35. Be3 Qh5 36. Bxf4 exf4 37. h7 Rg7 38. f3 Rff7 39. Kc1 Rxh7 40. Qxf4 Qh6 41. Kb1 Rfg7 42. Qxd6 Qh2 43. Qf8+ Rg8 44. Qxf6+ Rhg7 45. Rxg5 Qh4 46. f4 b6 47. e5 Qh2 48. Rxg7 Rf8 49. Rf7# 1-0

[Event "45th FIDE Chess Olympiad Open"]
[Site "Budapest, Hungary"]
[Date "2024.09.13"]
[Round "3.71"]
[White "Kasongo Kazadi Olivier"]
[Black "Hussain, Nimal"]
[Result "1/2-1/2"]
[WhiteElo "1794"]
[BlackElo "1805"]
[PlyCount "174"]
[EventDate "2024.??.??"]
[WhiteTeam "Democratic Republic of the Congo"]
[BlackTeam "Maldives"]
[BlackTeamCountry "MDV"]
[WhiteClock "1:04:18"]
[BlackClock "0:15:58"]

1. d4 Nf6 2. Bf4 c5 3. e3 Qb6 4. b3 Nc6 5. Nf3 ({RR} 5. c3 d5 6. Bd3 Bg4 7. Nf3 e6 8. O-O Be7 9. h3 Bh5 10. a3 O-O 11. Nbd2 Bg6 12. Bxg6 hxg6 13. dxc5 Qxc5 14. c4 dxc4 15. Nxc4 Nd5 16. Bg3 b5 17. Nce5 Nxe5 18. Bxe5 Rfd8 19. b4 Qb6 {Kamsky,G (2664)-Kucuksari,K (2507) chess.com INT 2023 1-0 (42)}) 5... g6 ({RR} 5... cxd4 6. exd4 d5 7. Be2 Bg4 8. c3 e6 9. O-O Bxf3 10. Bxf3 Be7 11. Nd2 O-O 12. Re1 Rac8 13. Be5 Nxe5 14. dxe5 Nd7 15. c4 d4 16. a3 Rfd8 17. Be4 Nc5 18. Qf3 Nxe4 19. Rxe4 Qa5 20. Qd3 {Montoya,M (1918)-Suarez Londono,D Medellin COL 2024 1-0 (51)}) 6. a4 $146 ({RR} 6. c3 cxd4 7. exd4 Bg7 8. Bd3 Nd5 9. Bd2 O-O 10. O-O d6 11. Na3 Bg4 12. Nc4 Qc7 13. h3 Bd7 14. Be4 Nf6 15. Bd3 e5 16. dxe5 dxe5 17. Qc2 Rae8 18. Be2 Bf5 19. Qc1 Nd5 20. Re1 e4 {Lehtinen,T (1971)-Jarvela,J (2132) Finland 2015 0-1 (44)}) 6... Bg7 7. Ra2 Nh5 8. d5 Nb4 9. a5 Qd8 10. Ra4 Nxf4 11. exf4 Qc7 12. g3 d6 13. Bb5+ Bd7 14. Bxd7+ Qxd7 15. O-O Qf5 16. c4 O-O 17. Nh4 Qc2 18. Qxc2 Nxc2 19. Ra2 Nd4 20. Nd2 b6 21. Nhf3 bxa5 22. Nxd4 Bxd4 23. Rxa5 Rfb8 24. Rc1 Rb7 25. Rc2 Rab8 26. Ra3 Kf8 27. Kg2 h5 28. h4 Bf6 29. Rca2 Bc3 30. Nb1 Be1 31. Rb2 a5 32. Kf1 Bb4 33. Ra4 Kg7 34. Ke2 Kf6 35. f3 Re8 36. Nd2 Bxd2 37. Kxd2 Ra8 38. Kc3 Rb4 39. Rba2 Rab8 40. R2a3 Rxa4 41. Rxa4 Ra8 42. Ra1 Kf5 43. Kb2 e5 44. fxe5 Kxe5 45. Re1+ Kf6 46. Ka3 Rb8 47. Re3 Rb4 48. Re4 Rb8 49. g4 hxg4 50. fxg4 Rb7 51. Re3 Rb4 52. Rf3+ Kg7 53. g5 Kf8 54. Re3 a4 55. bxa4 Rxc4 56. a5 Rc1 57. Ka4 Rc4+ 58. Ka3 Rc1 59. Ka4 Rc4+ 60. Kb5 Rb4+ 61. Ka6 c4 62. Re4 Kg7 63. Rf4 Kg8 64. Ka7 Kg7 65. a6 Kg8 66. Ka8 Kg7 67. Re4 Kf8 68. a7 Kg7 69. Re7 c3 70. Rc7 Rb3 71. Rc8 Kh7 72. Rb8 Rb2 73. Rb7 Kg7 74. Kb8 Rxb7+ 75. Kxb7 c2 76. a8=Q c1=Q 77. Qa4 Kf8 78. Qe4 Qc5 79. Ka6 Qa3+ 80. Kb6 Qc5+ 81. Kb7 Kg7 82. Kb8 Kf8 83. Kb7 Kg7 84. Ka6 Kf8 85. Qh1 Ke7 86. Qf3 Qc4+ 87. Kb7 Qb5+ 1/2-1/2

[Event "45th FIDE Chess Olympiad Open"]
[Site "Budapest, Hungary"]
[Date "2024.09.13"]
[Round "3.73"]
[White "Khan, Taffin"]
[Black "Enemchukwu Chinedu Benjamin"]
[Result "1-0"]
[WhiteElo "2066"]
[BlackElo "2001"]
[PlyCount "109"]
[EventDate "2024.??.??"]
[WhiteTeam "Guyana"]
[BlackTeam "Saint Vincent and the Grenadines"]
[WhiteTeamCountry "GUY"]
[WhiteClock "0:11:07"]
[BlackClock "0:03:20"]

1. d4 e5 2. dxe5 Nc6 3. Nf3 d6 4. exd6 Bxd6 5. g3 Bg4 6. Bg2 Qe7 7. O-O O-O-O 8. Qe1 Nf6 $146 ({RR} 8... h5 9. Nc3 f5 10. Bg5 Nf6 11. Nd5 Qf7 12. c4 Rde8 13. Qd2 Ne4 14. Qc1 Bxf3 15. Bxf3 h4 16. Bf4 hxg3 17. fxg3 Bxf4 18. Qxf4 g5 19. Qc1 Qh7 20. h4 gxh4 21. Bxe4 Rxe4 22. Nf6 Qg7 23. Nxe4 {Valarezo Ricard,P-Moore,M Dos Hermanas 2003 ½-½}) 9. h3 h5 10. Bg5 Qe6 11. Bxf6 Qxf6 12. Qc3 Qe6 13. Na3 Bb4 14. Qb3 Qxb3 15. axb3 Bxf3 16. exf3 Rd2 17. c3 Bxa3 18. bxa3 Rhd8 19. f4 Na5 20. Rab1 c6 21. Rfc1 Kc7 22. Bf1 b6 23. Re1 Nb7 24. Re7+ R8d7 25. Re5 g6 26. f5 Nc5 27. b4 Na4 28. fxg6 fxg6 29. Re6 R2d6 30. Rxd6 Rxd6 31. c4 a5 32. Rb3 c5 33. b5 Kd7 34. Rd3 Nb2 35. Rxd6+ Kxd6 36. f4 Ke6 37. Kf2 Kf5 38. Kf3 g5 39. fxg5 Kxg5 40. Be2 Na4 41. Ke3 Nc3 42. Bd3 Nd1+ 43. Ke2 Nb2 44. Kd2 h4 45. gxh4+ Kxh4 46. Be2 Kxh3 47. Kc3 Nxc4 48. Kxc4 Kg3 49. Kd5 Kf2 50. Bc4 Ke3 51. Kc6 Kd4 52. Bg8 c4 53. Kxb6 a4 54. Ka5 c3 55. Bh7 1-0

[Event "45th FIDE Chess Olympiad Open"]
[Site "Budapest, Hungary"]
[Date "2024.09.13"]
[Round "3.74"]
[White "Cottle, Brian S"]
[Black "Drayton, Anthony"]
[Result "0-1"]
[WhiteElo "1804"]
[BlackElo "1964"]
[PlyCount "86"]
[EventDate "2024.??.??"]
[WhiteTeam "Saint Vincent and the Grenadines"]
[BlackTeam "Guyana"]
[BlackTeamCountry "GUY"]
[WhiteClock "0:13:31"]
[BlackClock "1:19:05"]

1. c4 e5 2. Nc3 Bb4 3. g3 Bxc3 4. bxc3 d6 5. Bg2 Nc6 6. Ba3 ({RR} 6. a4 Nge7 7. d3 Be6 8. a5 Qd7 9. f4 O-O 10. a6 b6 11. Qa4 Rad8 12. fxe5 Nxe5 13. Qxd7 Bxd7 14. Nh3 Bc6 15. O-O Bxg2 16. Kxg2 Rfe8 17. Ra2 d5 18. cxd5 Nxd5 19. c4 Nb4 20. Ra4 c5 {Mamedyarov,S (2738)-Carlsen,M (2853) Stavanger NOR 2023 0-1 (46)}) ({RR} 6. d4 f5 7. e3 e4 8. h4 Nf6 9. Ne2 Nh5 10. Ng1 Nf6 11. Nh3 O-O 12. Rb1 Qe7 13. Ba3 Rd8 14. Nf4 Qf7 15. Qe2 Na5 16. Bf1 d5 17. cxd5 Nxd5 18. Nxd5 Rxd5 19. Rb5 Rxb5 20. Qxb5 b6 {Andrieu,J (1720)-Danielsson,S Reykjavik ISL 2024 ½-½ (50)}) 6... Nge7 7. d3 b6 $146 ({RR} 7... O-O 8. Nf3 f5 9. O-O Ng6 10. Nd2 Qe8 11. e3 Rb8 12. c5 dxc5 13. Bxc5 Rf6 14. Re1 b6 15. Ba3 Ba6 16. Bf1 Na5 17. Rc1 Bb7 18. Bg2 Bxg2 19. Kxg2 Rd8 20. d4 Qf7 21. Qc2 f4 22. exf4 {Adams,S-Xu,R (1920) Durban 2014 0-1 (95)}) 8. Nf3 O-O 9. O-O Rb8 10. Re1 Bd7 11. Qc2 Qc8 12. Bc1 Bh3 13. d4 Bxg2 14. Kxg2 f6 15. Be3 Nf5 16. Qe4 Nxe3+ 17. Qxe3 Qb7 18. d5 Na5 19. Nd2 f5 20. f4 Nxc4 21. Qd3 Nxd2 22. Qxd2 Rbe8 23. e3 Re7 24. Rf1 Rfe8 25. Rf2 exf4 26. exf4 Qa6 27. Raf1 Re2 28. Qd1 Qxa2 29. Qd3 g6 30. Qb5 Kf7 31. h4 h5 32. Kf3 R8e3+ 33. Kg2 a5 34. Qc6 Re7 35. Qb5 Qc2 36. Qc6 a4 37. Kg1 a3 38. Rxe2 Qxe2 39. Qa8 Qe3+ 40. Kg2 Qxc3 41. Rf2 Re3 42. Qa6 Rxg3+ 43. Kf1 Qc1+ 0-1

[Event "45th FIDE Chess Olympiad Open"]
[Site "Budapest, Hungary"]
[Date "2024.09.13"]
[Round "3.75"]
[White "Sandiford, Keron"]
[Black "Schneider, James U"]
[Result "1/2-1/2"]
[WhiteElo "1755"]
[BlackElo "1486"]
[PlyCount "125"]
[EventDate "2024.??.??"]
[WhiteTeam "Guyana"]
[BlackTeam "Saint Vincent and the Grenadines"]
[WhiteTeamCountry "GUY"]
[WhiteClock "0:56:53"]
[BlackClock "0:17:10"]

1. e4 e5 2. Nf3 Nc6 3. Bb5 a6 4. Ba4 d6 5. c3 b5 6. Bc2 Bg4 7. O-O Qf6 8. d3 Bxf3 9. Qxf3 Qxf3 10. gxf3 Be7 $146 ({RR} 10... Nf6 11. f4 g6 12. fxe5 dxe5 13. f4 Bd6 14. fxe5 Bxe5 15. d4 Nxd4 16. cxd4 Bxd4+ 17. Kg2 Ng4 18. h3 Ne5 19. Nd2 O-O-O 20. Nf3 Nxf3 21. Rxf3 f6 22. Rb1 Rhe8 23. Kf1 Re5 24. Bf4 Rc5 25. Bd3 {Giordan,D (1419)-Morello,F (1449) Venice Sanudo 2000 1-0 (42)}) ({RR} 10... Nf6 11. Bg5 Be7 12. Nd2 h6 13. Bh4 Nxe4 14. Nxe4 Bxh4 15. Rfe1 Kd7 16. Bb3 f5 17. Ng3 Rhf8 18. Bd5 Rae8 19. d4 f4 20. Nh5 g6 21. dxe5 Nxe5 22. Nxf4 Rxf4 23. Kg2 Bxf2 24. Rf1 Bb6 25. Rae1 {Dlaikan,K-Ospina,C (1989) Bucaramanga 2008 0-1 (38)}) ({RR} 10... Nge7 11. f4 exf4 12. Bxf4 Ng6 13. Be3 Be7 14. f4 O-O 15. d4 Bf6 16. Nd2 Rfe8 17. e5 dxe5 18. dxe5 Bd8 19. Be4 Nge7 20. f5 Rb8 21. f6 gxf6 22. exf6 Ng6 23. Bxc6 Rxe3 24. Ne4 Rb6 25. Bd5 {Zimina,O-Szymanowska,K Bratislava 1993 0-1 (48)}) 11. a4 b4 12. Bb3 Na5 13. Bc2 b3 14. Bd1 g5 15. c4 Rb8 16. Nc3 Nc6 17. Nd5 Kd7 18. Be3 Nf6 19. Ra3 Nxd5 20. cxd5 Nd4 21. Bxd4 exd4 22. Rxb3 a5 23. Rxb8 Rxb8 24. b3 Bf6 25. Re1 Be5 26. Re2 c5 27. dxc6+ Kxc6 28. Rc2+ Kd7 29. Rc4 h6 30. b4 Rxb4 31. Rxb4 axb4 32. Bb3 f6 33. Kg2 h5 34. a5 Kc7 35. h4 Kb7 36. Bc4 Ka7 37. Kh3 Kb7 38. a6+ Ka7 39. Bf7 Kxa6 40. Bxh5 b3 41. Bf7 b2 42. Ba2 gxh4 43. Kxh4 Kb5 44. Kg4 Kb4 45. f4 Kc3 46. fxe5 fxe5 47. Bb1 Kd2 48. f4 exf4 49. Kxf4 Kc1 50. Ba2 Kc2 51. Kf3 Kxd3 52. Kf2 Kd2 53. Kf1 Ke3 54. Ke1 Kxe4 55. Kd2 d5 56. Bb1+ d3 57. Bxd3+ Kd4 58. Bb1 Kc4 59. Bd3+ Kd4 60. Bb1 Kc4 61. Kc2 d4 62. Kxb2 Kb4 63. Bh7 1/2-1/2